000 01654nam a2200205Ia 4500
001 14744
003 GE_BSU
008 181216s||||||||xx |||||||||||||| ||und||
040 _cGE_BSU
080 _aპერიოდიკა
245 _aგადასახადები.№2, თებერვალი 2015.
245 _bოფიციალური დოკუმენტები,დაბეგვრის თეორია და მეთოდოლოგია,დაბეგვრის პრაქტიკა,ფინანსები,აღრიცხვა და აუდიტი,ცვლილებები საფადასახადო და საბაჟო კანონმდებლობაში კომენტარებით, კითხვა-პასუხები.
245 _cმთ.რედ.დავით ჯალაღონია,რედ.მადონა გელაშვილი.
260 _aთბილისი
260 _c2015
300 _a58გვ.30სმ.
653 _aგადასახადები
653 _aოფიციალური დოკუმენტები,დაბეგვრის თეორია და მეთოდოლოგია,დაბეგვრის პრაქტიკა,ფინანსები,აღრიცხვა და აუდიტი,ცვლილებები საფადასახადო და საბაჟო კანონმდებლობაში კომენტარებით, კითხვა-პასუხები.
942 _cCR
999 _c47868
_d47868